000 00330nam a22001457a 4500
008 230512b ||||| |||| 00| 0 eng d
020 _a9780321056641
041 _aeng
080 _2EIGHTH EDITION
_a51
082 _a51MIL
100 _a22
101 _aMATEM
245 _aBUSINESS MATHEMATICS
_cMILLER.D.CH
942 _2udc
_cBK
999 _c59702
_d59702